00444nam a22001457a 4500003000900000005001700009008004100026040001300067100002100080245004800101250001100149260003700160300001800197520008300215IT-RoPau20220918181103.0130405b xxu||||| |||| 00| 0 eng d cIT-RoPau aProvincia Italia aCalendario della Provincia Italia 2002-2003 a1° ed aRomabSSP Casa Provincialec2002 a12 pp.c21 cm aIndice Incontri Assemblee Corsi di aggiornamento Corsi di Esercizi Spirituali